An auto mechanic /

Simple text and illustrations introduce the daily work of an automobile mechanic.

Bibliographic Details
Main Author: Florian, Douglas
Format: Book
Language:English
Published: New York : Mulberry Books, 1994.
Edition:1st Mulberry ed.
Series:Florian, Douglas. How we work.
Subjects:

MARC

Tag First Indicator Second Indicator Subfields
LEADER 00000cam a2200000 a 4500
001 in00001464621
005 20151021051330.0
008 930707r19941991nyua j 000 0 eng
010 |a  93028802  
020 |a 0688131042 (pbk.) 
035 |a (OCoLC)28798509 
035 |9 AJD9479AM 
040 |a DLC  |c DLC  |d TXA  |d UtOrBLW 
049 |a TXAM 
050 1 0 |a TL152  |b .F56 1994 
082 0 0 |a 629.28/722/023  |2 20 
100 1 |a Florian, Douglas. 
245 1 3 |a An auto mechanic /  |c Douglas Florian. 
250 |a 1st Mulberry ed. 
264 1 |a New York :  |b Mulberry Books,  |c 1994. 
300 |a 1 volume (unpaged) :  |b color illustrations ;  |c 21 x 25 cm. 
336 |a text  |b txt  |2 rdacontent 
337 |a unmediated  |b n  |2 rdamedia 
338 |a volume  |b nc  |2 rdacarrier 
490 1 |a How we work 
500 |a Originally published: New York : Greenwillow Books, c1991. 
520 |a Simple text and illustrations introduce the daily work of an automobile mechanic. 
650 0 |a Automobile mechanics  |x Juvenile literature. 
650 1 |a Automobile mechanics. 
650 1 |a Occupations. 
800 1 |a Florian, Douglas.  |t How we work. 
948 |a c:bh 
999 |a MARS 
999 f f |s 45cfcd04-8192-3867-a8fb-7378dc6ed57e  |i c22627a1-d787-3447-89db-83bd80187794  |t 0 
952 f f |p normal  |a Texas A&M University  |b College Station  |c Sterling C. Evans Library  |d Evans: Curriculum Collection (4th floor)  |t 0  |e TL152 .F56 1994  |h Library of Congress classification  |i unmediated -- volume  |m A14822347962 
998 f f |a TL152 .F56 1994  |t 0  |l Evans: Curriculum Collection (4th floor)